000
00329pam a2200157a 44500
008
230515b1930 xxu||||| |||| 00| 0 eng d
020
_a
NULL
041
_a
HINDI
082
_a
1
100
_a
SHARMA
245
_a
RASAYOGSAGAR-1
250
_a
1
260
_a
SANGAI
_b
N.D.
_c
1930
300
_a
100
650
_a
RASAYOGSAGAR-1
999
_c
497026
_d
497026